000 00544nam a2200181Ia 4500
001 21420
005 20260306172918.0
008 260306t2003||||xx |||||||||||||| ||spa||
041 _aESP
082 _a344.83
_bZ28
100 _aZamora Manzano, José Luis
_eAUT
245 0 _aPrecedentes romanos sobre el derecho ambiental:
_bla contaminación de aguas, canalización de las aguas fecales y la tala ilícita forestal
260 _c2003
300 _a124 páginas :
_c24 cm.
650 _aGEN
654 _aCDE
942 _cLIB
_dJUS
_fJUS
_2ddc
_n
999 _c21420
_d21420